| 000 | 00889cam a22002653a 4500 | ||
|---|---|---|---|
| 001 | 33152 | ||
| 003 | PGUSA | ||
| 005 | 20140828083722.0 | ||
| 008 | 100714s2010||||xxu|||||s|||||000 | eng d | ||
| 040 |
_aPGUSA _beng |
||
| 042 | _adc | ||
| 050 | 4 | _aPZ | |
| 245 | 1 | 0 |
_aTales of Romance _h[electronic resource] |
| 260 |
_bProject Gutenberg, _c2010 |
||
| 505 | 0 | _aThe story of Robin Hood -- Wayland the smith -- Some adventures of William Short Nose -- The sword Excalibur -- How Grettir the Strong became an outlaw -- Death of Grettir the Strong. | |
| 506 | _aPublic domain in the USA. | ||
| 516 | _aElectronic text | ||
| 653 | _aTales | ||
| 700 | 1 |
_aSpeed, Lancelot, _d1860-1931 |
|
| 700 | 1 |
_aLang, Andrew, _d1844-1912 |
|
| 700 | 1 |
_aFord, H. J. _q(Henry Justice), _d1860-1941 |
|
| 830 | 0 |
_aProject Gutenberg _v33152 |
|
| 856 | 4 | 0 | _uhttp://www.gutenberg.org/ebooks/33152 |
| 942 | _cEB | ||
| 999 |
_c262407 _d262407 |
||